000 00493nam a2200193Ia 4500
003 OSt
005 20221007082659.0
006 a|||||r|||| 00| 0
007 ta
008 221006b |||||||| |||| 00| 0 eng d
024 _a22,851
037 _cDissertations
040 _aFLL
_cFLL
_beng
041 _2eng
_aeng
100 _aGautam S.B.
_9699219
245 0 _aSocial and legal dimensions of bonded labour system
942 _cDIS
_2CC
999 _c1167349
_d1167349